| 000 | 00986nam a2200265 i 4500 | ||
|---|---|---|---|
| 001 | 157694 | ||
| 003 | ES-MaACL | ||
| 005 | 20251218063014.0 | ||
| 008 | 991104s1865 fr |||| | fre d | ||
| 040 |
_aEUS _bspa _cEUS |
||
| 100 | 1 |
_aLiberatore, Matteo, _d1810-1892 _9156482 |
|
| 245 | 1 | 0 |
_aDu composé humain / _cpar le R.P.M. Liberatore de la Compagnie de Jésus ; traduit de l'italien par un père de la même compagnie. |
| 260 |
_aLyon : _bLibrairie Ecclésiastique et Classique de Briday..., _c1865 ( _eBar-le-Duc : _fContant-Laguerre et Cie) |
||
| 300 |
_a[3], [1] en bl., XXI, [1] en bl., 537, [1] p. ; _c23 cm. |
||
| 593 | _aEncabezamiento completado con prelim. | ||
| 594 | _aTexto en francés y latín. | ||
| 596 | 2 | _aColofón. | |
| 597 | _aSignaturizado. | ||
| 597 | _aAntep. | ||
| 700 | 1 |
_aBriday, _eed. _9126166 |
|
| 752 |
_aFrancia - _dLyon |
||
| 852 |
_aES-MaACL _jG-11928 _z-- Enc. hol. |
||
| 999 |
_c157694 _d157694 |
||